00982cam a2200289Ia 450000100090000000300060000900500170001500800410003201000160007302000150008902000180010402000150012202000180013703500200015504000200017508200180019510000500021324500460026326000730030930000300038249000290041250001050044150400520054665000280059865000360062683000300066225858053OCoLC20181210164134.0920521r19571884miu b 000 0 eng d z 63011465 a0825432227 a9780825432224 a0825432014 a9780825432019 a(OCoLC)25858053 aBCTcBCTdOCLCQ 4a246.64bM365E1 aMarsh, F. E.q(Frederick Edward),d1858-1919.10aEmblems of the Holy Spirit /cF.E. Marsh. aGrand Rapids, Mich. :bKregel Publications,c1957g([1987] printing) aix, 257, [2] p. ;c22 cm.1 aMarsh Bible study series aReprint. Originally published as book: London : J.F. Shaw, 1884 (reprinted from Footsteps of truth). aIncludes bibliographical references (p. [259]). 0aHoly SpiritxSymbolism. 0aHoly SpiritxBiblical teaching. 0aMarsh Bible study series.